[Event "AUT-chT 1617"]
[Site "Austria"]
[Date "2016.10.22"]
[Round "3.2"]
[White "Martinovic, Sasa"]
[Black "Schwarhofer, Christopher"]
[Result "1-0"]
[WhiteElo "2563"]
[BlackElo "2366"]
[PlyCount "87"]
[EventDate "2016.10.20"]
[EventType "team-tourn"]
[EventRounds "11"]
[EventCountry "AUT"]
[SourceTitle "CBM 175 Extra"]
[Source "ChessBase"]
[SourceDate "2016.12.12"]
[SourceVersion "1"]
[SourceVersionDate "2016.12.12"]
[SourceQuality "1"]
[WhiteTeam "Hohenems"]
[BlackTeam "Nickelsdorf Blackburne"]
[WhiteTeamCountry "AUT"]
[BlackTeamCountry "AUT"]

1. d4 d5 2. c4 e6 3. Nc3 Nf6 4. cxd5 exd5 5. Bg5 c6 6. Qc2 Be7 7. e3 Nbd7 8. Bd3 0-0 9. Nge2 Re8 10. f3 Nf8 11. 0-0 Nh5 12. Bxe7 Qxe7 13. e4 Be6 14. e5 g6 15. f4 f5 16. Na4 Ng7 17. b4 a6 18. Nc5 Bc8 19. Rab1 b6 20. Nb3 Bb7 21. a3 Rec8 22. Rbc1 Nd7 23. Qd2 Kh8 24. Rc3 a5 25. bxa5 c5 26. a6 Bc6 27. Rfc1 Ba4 28. dxc5 bxc5 29. Bb1 Bxb3 30. Rxb3 c4 31. Rb5 Qxa3 32. Rxd5 Nb6 33. Ra5 Qb3 34. Nd4 c3 35. Nxb3 cxd2 36. Rxc8+ Nxc8 37. Nxd2 Ne6 38. g3 Ne7 39. Nb3 Nc6 40. Ra4 Kg7 41. Bd3 Kf8 42. Bc4 Ke7 43. Bd5 Ned8 44. Nd4 1-0

[Event "AUT-chT 1617"]
[Site "Austria"]
[Date "2016.10.20"]
[Round "1.2"]
[White "Krassowizkij, Jaroslaw"]
[Black "Schwarhofer, Christopher"]
[Result "1-0"]
[WhiteElo "2438"]
[BlackElo "2366"]
[PlyCount "69"]
[EventDate "2016.10.20"]
[EventType "team-tourn"]
[EventRounds "11"]
[EventCountry "AUT"]
[SourceTitle "CBM 175 Extra"]
[Source "ChessBase"]
[SourceDate "2016.12.12"]
[SourceVersion "1"]
[SourceVersionDate "2016.12.12"]
[SourceQuality "1"]
[WhiteTeam "Goetzis"]
[BlackTeam "Nickelsdorf Blackburne"]
[WhiteTeamCountry "AUT"]
[BlackTeamCountry "AUT"]

1. d4 Nf6 2. c4 d6 3. Nc3 Nbd7 4. e4 e5 5. Nf3 c6 6. Be2 a6 7. 0-0 Qc7 8. Be3 exd4 9. Nxd4 Nc5 10. Re1 Be7 11. Bf3 g6 12. Bh6 Ne6 13. Rc1 Rg8 14. Nd5 cxd5 15. cxd5 Nc5 16. b4 Nfd7 17. Bf4 Ne5 18. Bxe5 dxe5 19. Nb3 b6 20. bxc5 bxc5 21. Bg4 Bd6 22. Re3 h5 23. Bxc8 Rxc8 24. Rec3 Ke7 25. Qe2 Qb6 26. Nd2 Qb5 27. Nc4 Rc7 28. Rb3 Qa4 29. Rcb1 Rd8 30. Ra3 Qb4 31. Rxb4 cxb4 32. Rxa6 Rdc8 33. Rc6 Rxc6 34. dxc6 Rxc6 35. g3 1-0

[Event "AUT-chT2O 1516"]
[Site "Austria"]
[Date "2016.03.06"]
[Round "8.2"]
[White "Groetz, Harald"]
[Black "Schwarhofer, Christopher"]
[Result "1-0"]
[WhiteElo "2282"]
[BlackElo "2378"]
[PlyCount "57"]
[EventDate "2015.10.17"]
[EventType "team-tourn"]
[EventRounds "11"]
[EventCountry "AUT"]
[SourceTitle "EXT 2017"]
[Source "ChessBase"]
[SourceDate "2016.10.25"]
[SourceVersion "1"]
[SourceVersionDate "2016.10.25"]
[SourceQuality "1"]
[WhiteTeam "Stockerau"]
[BlackTeam "Nickelsdorf Blackburne"]
[WhiteTeamCountry "AUT"]
[BlackTeamCountry "AUT"]

1. e4 e6 2. d4 d5 3. Nd2 c5 4. exd5 Qxd5 5. Ngf3 cxd4 6. Bc4 Qd6 7. 0-0 Nf6 8. Nb3 a6 9. Nbxd4 b5 10. Bb3 Be7 11. Re1 0-0 12. Ne5 Rd8 13. c3 Ra7 14. Bf4 Qb6 15. Qe2 Nd5 16. Bg3 Bc5 17. Rad1 Nf6 18. Bh4 Be7 19. Rd3 a5 20. Nxb5 Ba6 21. Nxa7 Bxd3 22. Nxd3 Qxa7 23. Ne5 a4 24. Nxf7 Kxf7 25. Qxe6+ Kg6 26. Bc2+ Kh6 27. Bg5+ Kxg5 28. Re5+ Kh6 29. Qh3+ 1-0